000 00479cam a2200181ua 4500
020 _a81-7014-828-6
_c250.00
041 _aeng
_h
082 _a658.4034
_bKAP/OP
100 _aKapoor, V.K .
245 _aOperations research: Techniques for management /
_cV.K Kapoor.
_hTextual Documents
250 _a7th /
_b.
260 _aDelhi :
_bSulthan Chand & Sons ,
_c2001.
300 _a1027 ; .
365 _a250.00
504 _a
942 _cBK
999 _c12910
_d12910